| 000 | 00569nam a2200169 a 4500 | ||
|---|---|---|---|
| 005 | 20221118063623.0 | ||
| 008 | 020926s1920 mx r 000 0 spa d | ||
| 035 | _aUPN01000119661 | ||
| 049 | _aLT | ||
| 050 | 4 |
_aLB1573 _bM6.2 H5.4 |
|
| 100 | 1 |
_aHidalgo Monroy, Luis, _d1876-1946 _928900 |
|
| 245 | 1 | 1 |
_a¡Levántate! : _blibro segundo de lectura para uso de los alumnos del segundo año elemental / _cLuis Hidalgo Monroy. |
| 260 |
_aMéxico : _bHerrero, _c1920. |
||
| 300 |
_a209 p. : _bil. |
||
| 650 | 4 |
_aLectura _xEstudio y enseñanza (Elemental) _92805 |
|
| 905 | _aLibro | ||
| 999 |
_c92013 _d92013 |
||